[Event "Warsaw YMCA Winter 148th"]
[Site "Warsaw"]
[Date "2015.01.13"]
[Round "2"]
[White "Markiewicz, Janusz"]
[Black "Tkaczyk, Weronika"]
[Result "0-1"]
[WhiteElo "1327"]
[BlackElo "1464"]
[PlyCount "122"]
[EventDate "2015.01.07"]
[EventType "tourn"]
[EventRounds "13"]
[EventCountry "POL"]
[SourceTitle "EXT 2019"]
[Source "ChessBase"]
[SourceDate "2018.10.10"]
[SourceVersion "1"]
[SourceVersionDate "2018.10.10"]
[SourceQuality "1"]

1. e4 e5 2. Nf3 Nc6 3. Bc4 Bc5 4. b4 Bxb4 5. c3 Ba5 6. d4 exd4 7. 0-0 Nge7 8. Bxf7+ Kxf7 9. Ng5+ Kg8 10. Qb3+ d5 11. exd5 Qxd5 12. c4 Qf5 13. Na3 Be6 14. Rb1 Bb6 15. Nxe6 Qxe6 16. Bd2 Rb8 17. Rbe1 Qf7 18. Re4 Nf5 19. Rf4 Bc5 20. Nc2 Bd6 21. Rf3 Ne5 22. Rxf5 Qxf5 23. c5+ Qf7 24. Qxf7+ Nxf7 25. cxd6 Nxd6 26. Nxd4 Kf7 27. Rc1 c6 28. Bc3 Rhe8 29. f3 Rbd8 30. Kf2 c5 31. Ne2 b6 32. Nf4 Nb5 33. Ba1 Rd2+ 34. Kg3 Rxa2 35. Rd1 Re7 36. h4 Nc7 37. Bc3 Ne6 38. Nh5 g6 39. Nf6 Nd4 40. Bxd4 cxd4 41. Nd5 Ree2 42. Nf4 Red2 43. Rc1 Rac2 44. Ra1 a5 45. Ra3 Rc3 46. Ra4 Rcc2 47. Kg4 h5+ 48. Kg5 Rc5+ 49. Kh6 Rc6 50. Kh7 Rf6 51. Nd5 Rd6 52. Nf4 Rc2 53. g4 hxg4 54. fxg4 d3 55. h5 gxh5 56. Nxh5 d2 57. Rf4+ Ke7 58. Re4+ Kd7 59. g5 d1Q 60. Nf6+ Rxf6 61. gxf6 Qh1+ 0-1

[Event "POL-ch U16 Girls"]
[Site "Karpacz"]
[Date "2015.??.??"]
[Round "3"]
[White "Tkaczyk, Weronika"]
[Black "Marczuk, Anna"]
[Result "0-1"]
[WhiteElo "1493"]
[BlackElo "1960"]
[PlyCount "84"]
[EventDate "2015.03.??"]
[EventType "swiss"]
[EventRounds "9"]
[EventCountry "POL"]
[SourceTitle "EXT 2017"]
[Source "ChessBase"]
[SourceDate "2016.10.25"]
[SourceVersion "1"]
[SourceVersionDate "2016.10.25"]
[SourceQuality "1"]

1. e4 c5 2. Nf3 Nc6 3. d4 cxd4 4. Nxd4 e5 5. Nb5 d6 6. N1c3 a6 7. Na3 b5 8. Nd5 Nge7 9. c4 Nxd5 10. cxd5 Nd4 11. Be3 g6 12. Bxd4 exd4 13. Qxd4 Qa5+ 14. Qd2 Qxd2+ 15. Kxd2 Bg7 16. Rb1 Bd7 17. Bd3 0-0 18. Nc2 f5 19. Rhf1 fxe4 20. Bxe4 Bf5 21. Bf3 Bh6+ 22. Ne3 Bxb1 23. Rxb1 Rac8 24. Kd3 Bxe3 25. fxe3 Rc4 26. b3 Rc5 27. Re1 Rfc8 28. e4 Rc1 29. Re2 R8c3+ 30. Kd4 R3c2 31. Rxc2 Rxc2 32. a4 bxa4 33. bxa4 Ra2 34. a5 Rxa5 35. h4 Kf7 36. Be2 Ra2 37. Bf3 Kf6 38. Kc4 Ke5 39. Kb3 Ra1 40. Kb4 Rh1 41. Ka5 Rxh4 42. Kxa6 Rxe4 0-1

[Event "Warsaw YMCA Autumn-D 144th"]
[Site "Warsaw"]
[Date "2014.11.18"]
[Round "10"]
[White "Biernacki, Tomasz"]
[Black "Tkaczyk, Weronika"]
[Result "0-1"]
[WhiteElo "1259"]
[BlackElo "1348"]
[PlyCount "84"]
[EventDate "2014.09.16"]
[EventType "tourn"]
[EventRounds "13"]
[EventCountry "POL"]
[SourceTitle "EXT 2019"]
[Source "ChessBase"]
[SourceDate "2018.10.10"]
[SourceVersion "1"]
[SourceVersionDate "2018.10.10"]
[SourceQuality "1"]

1. d4 Nf6 2. c4 g6 3. Nc3 Bg7 4. e4 d6 5. Be2 0-0 6. f4 Nbd7 7. Nf3 c5 8. d5 Nb6 9. b3 Nfxd5 10. cxd5 Bxc3+ 11. Bd2 Bxa1 12. Qxa1 e6 13. 0-0 exd5 14. Ba5 dxe4 15. Ng5 h6 16. Nxe4 Bf5 17. Nf6+ Kh8 18. Nd7+ f6 19. Nxf8 Qxf8 20. g4 Be4 21. g5 Nd5 22. Bc4 Qc8 23. Bxd5 Qg4+ 24. Kf2 Qf3+ 25. Ke1 Qe3+ 26. Kd1 Bxd5 27. Qxf6+ Kh7 28. gxh6 Qd3+ 29. Bd2 Qxf1+ 30. Kc2 Rg8 31. Qe7+ Kxh6 32. Qg5+ Kh7 33. Qh4+ Kg7 34. Bc3+ Kf7 35. Qf6+ Ke8 36. Qxd6 Qe2+ 37. Bd2 Be4+ 38. Kc1 Bf5 39. Qb8+ Kf7 40. Qxb7+ Qe7 41. Qd5+ Qe6 42. Qxc5 Rc8 0-1

[Event "Warsaw YMCA Autumn-D 144th"]
[Site "Warsaw"]
[Date "2014.11.12"]
[Round "9"]
[White "Tkaczyk, Weronika"]
[Black "Budrewicz, Henryk"]
[Result "1-0"]
[WhiteElo "1348"]
[BlackElo "1547"]
[PlyCount "115"]
[EventDate "2014.09.16"]
[EventType "tourn"]
[EventRounds "13"]
[EventCountry "POL"]
[SourceTitle "EXT 2019"]
[Source "ChessBase"]
[SourceDate "2018.10.10"]
[SourceVersion "1"]
[SourceVersionDate "2018.10.10"]
[SourceQuality "1"]

1. e4 c6 2. d4 d6 3. Nc3 Qc7 4. Bc4 e5 5. dxe5 dxe5 6. Be3 Nf6 7. Bg5 Be7 8. Nf3 Bg4 9. h3 Bh5 10. g4 Bg6 11. Bxf6 Bxf6 12. h4 h6 13. Qe2 Nd7 14. 0-0-0 Be7 15. Qd2 Nf6 16. g5 Nxe4 17. Nxe4 Bxe4 18. Qe3 Bxf3 19. Qxf3 Bc5 20. Rhe1 Rf8 21. gxh6 gxh6 22. Qh5 Bd6 23. f4 0-0-0 24. fxe5 Be7 25. Bxf7 Rxd1+ 26. Rxd1 Rxf7 27. Qg4+ Kb8 28. Qe6 a6 29. Kb1 Bxh4 30. Qxh6 Qe7 31. e6 Rf8 32. a3 Rd8 33. Rf1 Qg5 34. Qh7 Qg2 35. Qf7 Rd2 36. Rc1 Qd5 37. Qf4+ Ka7 38. Qxh4 Qxe6 39. Qg5 Qd6 40. Qe3+ b6 41. Qb3 a5 42. Qf7+ Ka6 43. Qe8 Qc7 44. a4 b5 45. Qa8+ Kb6 46. Qe8 Qd6 47. Qe3+ Qd4 48. Qe8 bxa4 49. Qb8+ Ka6 50. Qa8+ Kb5 51. Qb7+ Qb6 52. c4+ Kc5 53. Qe7+ Rd6 54. Qe3+ Rd4 55. Qe7+ Rd6 56. Qe5+ Rd5 57. cxd5+ Kb4 58. Qc3+ 1-0

[Event "Lublin Chmielewski Memorial-B"]
[Site "Lublin"]
[Date "2013.12.28"]
[Round "5"]
[White "Smolak, Jerzy"]
[Black "Tkaczyk, Weronika"]
[Result "0-1"]
[WhiteElo "1600"]
[BlackElo "1410"]
[PlyCount "54"]
[EventDate "2013.12.27"]
[EventType "swiss"]
[EventRounds "7"]
[EventCountry "POL"]
[SourceTitle "CBM 158 Extra"]
[Source "ChessBase"]
[SourceDate "2014.02.28"]
[SourceVersion "1"]
[SourceVersionDate "2014.02.28"]
[SourceQuality "1"]

1. d4 Nf6 2. Nf3 g6 3. Nc3 Bg7 4. e4 d6 5. Be3 Nbd7 6. Bd3 c5 7. 0-0 cxd4 8. Bxd4 b6 9. Re1 0-0 10. h3 Nc5 11. Bf1 Bb7 12. Nd2 a5 13. a4 e5 14. Bxc5 bxc5 15. Nb5 Bh6 16. Nc4 Nxe4 17. Nbxd6 Nxd6 18. Nxd6 Bc6 19. Rxe5 Qb6 20. Nb5 Bg7 21. Re1 Bxb5 22. Bxb5 Bxb2 23. Rb1 Bd4 24. Bd3 Qf6 25. Rf1 Rfd8 26. Qg4 Ra7 27. Rb5 Rd5 0-1

[Event "Lublin Chmielewski Memorial-B"]
[Site "Lublin"]
[Date "2013.12.28"]
[Round "6"]
[White "Tkaczyk, Weronika"]
[Black "Podgorski, Cezary"]
[Result "1-0"]
[WhiteElo "1410"]
[BlackElo "1400"]
[PlyCount "36"]
[EventDate "2013.12.27"]
[EventType "swiss"]
[EventRounds "7"]
[EventCountry "POL"]
[SourceTitle "CBM 158 Extra"]
[Source "ChessBase"]
[SourceDate "2014.02.28"]
[SourceVersion "1"]
[SourceVersionDate "2014.02.28"]
[SourceQuality "1"]

1. e4 e5 2. Nf3 Nc6 3. d4 Bd6 4. Bc4 Nh6 5. dxe5 Nxe5 6. Nxe5 Bxe5 7. Qh5 Qe7 8. c3 d6 9. f4 Bg4 10. Qg5 Bf6 11. Qd5 c6 12. Qd3 Bf5 13. Nd2 0-0 14. 0-0 Bd7 15. Nf3 d5 16. exd5 Be6 17. Re1 Rad8 18. Rxe6 fxe6 1-0

[Event "Lublin Chmielewski Memorial-B"]
[Site "Lublin"]
[Date "2013.12.28"]
[Round "7"]
[White "Tkaczyk, Weronika"]
[Black "Pszczola, Szymon"]
[Result "0-1"]
[WhiteElo "1410"]
[BlackElo "1228"]
[PlyCount "33"]
[EventDate "2013.12.27"]
[EventType "swiss"]
[EventRounds "7"]
[EventCountry "POL"]
[SourceTitle "CBM 158 Extra"]
[Source "ChessBase"]
[SourceDate "2014.02.28"]
[SourceVersion "1"]
[SourceVersionDate "2014.02.28"]
[SourceQuality "1"]

1. e4 c5 2. Nf3 d6 3. d4 cxd4 4. Nxd4 Nf6 5. Nc3 e6 6. Be3 Be7 7. Bd3 a6 8. 0-0 0-0 9. h3 b5 10. a3 Bb7 11. f4 Nfd7 12. f5 exf5 13. Nxf5 Ne5 14. Nxe7+ Qxe7 15. Nd5 Bxd5 16. exd5 Nxd3 17. Qxd3 0-1